000 00494cam a22001934a 4500
005 20250605164320.0
008 250528s ||||||||||||||||||||||||d
035 _a22880
020 _a9780029213711
040 _aGR-AtMCL
_bgre
_dGR-AtMCL
_eAACR2
245 1 _aMINTZBERG ON MANAGEMENT / INSIDE OUR STRANGE WORLD OF ORGANIZATIONS
250 _a1
260 _bThe Free Press,
_c1989
300 _a418
700 1 _aMintzberg Henry
_9957
942 _cBK
999 _c7924
_d7924